| 000 | 00497nam a2200181 i 4500 | ||
|---|---|---|---|
| 001 | 34523 | ||
| 003 | ES-MaACL | ||
| 005 | 20230906154940.0 | ||
| 007 | t| | ||
| 008 | 030207s1960 sp |||| | spa d | ||
| 080 | _a613.79 | ||
| 100 | 1 |
_aBlay Fontcuberta, Antonio. _929431 |
|
| 245 | 1 | 0 |
_aRelajación y energía / _cAntonio Blay Fontcuberta. |
| 260 |
_aBarcelona : _bSirius, _c[1960] ( _fDiamante) |
||
| 300 |
_a75 p. ; _c19 cm. |
||
| 650 | 4 |
_aRelajación. _9149364 |
|
| 852 |
_aES-MaACL _jC-19819 |
||
| 999 |
_c34523 _d34523 |
||